000 01964cam a22004694i 4500
003 PE-LiUPU
005 20250731172959.0
008 150616s r 000 0 d
020 _a8422012405
035 _a(Sirsi) i9788422012405
040 _aPE-LiUPU
_bspa
_cPE-LiUPU
_erda
049 _aPRUA
082 0 4 _a261.8
_bB46
_221
100 1 _aBiblioteca de Autores Cristianos,
_eautor.
245 1 0 _aInstrucción sobre algunos aspectos de la teología de la liberación: Instrucción sobre libertad cristiana y liberación /
_cBiblioteca de Autores Cristianos.
264 1 _aMadrid :
_bBibioteca de autores cristianos,
_c1986.
300 _a127 páginas ;
_c19 centímetros
336 _atext
_2rdacontent
337 _aunmediated
_2rdamedia
338 _avolume
_2rdacarrier
490 0 _aBAC-documentos ;
_v2
505 0 _aInstrucción sobre algunos aspectos de la teología de la liberacoón -- Instrucción sobre libertad cristiana y liberación -- Situación de la libertad en el mundo contemporáneo -- Vocación del hombre a la libertad y drama del pecado -- Liberación y libertad cristiana -- Misión liberadora de la iglesia -- La docrtina social de la iglesia: por una praxis cristiana de la liberación.
526 _aSEG42
526 _aSEG41
526 _aSEG40
526 _aSEG39
526 _aP94
526 _aP87
526 _aP86
526 _aP85
526 _aP77
526 _aP76
526 _aP35
650 0 4 _aTeologia Social.
910 _ajck
_bjvq
_cjck
942 _2ddc
_cBOOK
949 _a261.8 B46
_wDEWEY
_c1
_i28519
_lCCODEBUL1
_mBUL
_r0
_sY
_tBOOK
_u2015-4-23
_xTEOLOGIA
_zUNKNOWN
_0COMPRA
_o.STAFF. Colección General
994 _aC0
_bPEPRU
596 _a1
999 _a261.8 B46
_wDEWEY
_c22325
_i28519
_f2021-11-12
_g5
_lCCODEBUL1
_mBUL
_r0
_sY
_tBOOK
_u2015-4-23
_xTEOLOGIA
_zUNKNOWN
_0COMPRA
_o.STAFF. Colección General
_d22325
980 _81
_gALBERTO SANCHEZ Responsable de Automatización